Normal view
MARC view
- Psychology
Entry Topical Term
001 - CONTROL NUMBER
- control field: 89964
003 - CONTROL NUMBER IDENTIFIER
- control field: NUST
005 - DATE AND TIME OF LATEST TRANSACTION
- control field: 20220301112230.0
008 - FIXED-LENGTH DATA ELEMENTS
- fixed length control field: 220301|| aca||aabn | a|a d
040 ## - CATALOGING SOURCE
- Original cataloging agency: NUST
- Transcribing agency: NUST
150 ## - HEADING--TOPICAL TERM
- Topical term or geographic name entry element: Psychology
- General subdivision: Research
- General subdivision: Methodology
670 ## - SOURCE DATA FOUND
- Source citation: Work cat.: (NUST)0: Analysing qualitative data in psychology /
